01013nam a2200205 a 450000100100000000500170001000800410002704000250006808200130009310000490010624500990015526000470025430000200030150000770032170000470039895201170044595201110056295201170067399900170079000004291720201002040510.0140212s2013 dr 000 p spa d aDO-SdBNPbspacBNPHU axxxbxxx1 aCabral de la Rosa, Hipólito,d1948-97037910aClaveles para una reyna /cHipólito Cabral de la Rosa ; prólogo Remedios Mendez de Cabral. aSanto Domingo :bImprenta Molinaga,c2013. a70 p. ;c14 cm. aIncluye datos biográficos del autor en la solapa de la contracubierta.12aMendez de Cabral, Remediosepról.970380 0010718DSaGRbGRcCTd2014-02-12iLF1l0oxxx xxxp42917-30r2020-06-25te. 3w2020-06-25yLFDSZNo se presta 0010718PDaPDbPDcCTd2014-02-12iLF1l0oxxx xxxp42917-10r2020-06-25w2020-06-25yLFPDZNo se presta 0010718PDaPDbPDcCTd2014-02-12iLF1l0oxxx xxxp42917-20r2020-06-25te. 2w2020-06-25yLFPDZNo se presta c42406d42406